| 000 | 00603nam a2200193 a 4500 | ||
|---|---|---|---|
| 003 | BD-DhJNU | ||
| 005 | 20250505051111.0 | ||
| 008 | 250401s1966 ii a b 001 0 eng | ||
| 040 |
_aBD-DhJNU _bENG _cBD-DhJNU _dBD-DhJNU |
||
| 082 | 0 | 0 |
_a306.43 FIS _223 |
| 100 | 1 | _aFischer, Louis | |
| 245 | 1 | 0 |
_aSocial foundations of educational decisions / _cLouis Fischer and Donald R. Thomas |
| 260 |
_aCalifornia : _bWadsorth Publishing Company, Inc. , _c1966. |
||
| 300 |
_a372 p. : _bill. ; _c24 cm. |
||
| 504 | _aIncludes index. | ||
| 650 | 0 | _aEducational decisions | |
| 700 | 1 | _aDonald R. Thomas | |
| 942 | _cBK | ||
| 999 |
_c1659 _d1659 |
||